000
00273 a2200121 4500
999
_c
322960
_d
322960
001
87887
003
NUST
082
_a
958.1045 COL
100
_a
Coll, Steve
_9
9738
245
_a
Ghost Wars
260
_a
London
_b
Penguin Books
_c
2004
300
_a
712p+xviii
942
_a
CAE NUST
_c
BK
_k
958.1045 COL
_2
ddc